• 首页
  • 本馆介绍
  • 公告通知
  • 最新文献
  • 馆藏检索
  • 电子资源
  • 读者导购
  • 参考咨询
  • 我的图书馆
  • 登录
  • 详细信息显示
  • 放入我的书架
  • 预约/预借图书
  • 作者相关作品
  • 分类相关作品
  • 丛书相关作品
  • 出版社相关作品

书目信息

  • 表格格式
  • 工作单格式
  • 卡片格式
题名:
实分析与复分析
    
 
作者: 鲁丁 ;张更容 , 郑顶伟 , 戴牧民 , 李世余 译
分册:  
出版信息: 北京   机械工业出版社  2006
页数: 335页
开本: 24cm
丛书名: 华章数学译丛
单 册:
中图分类: O174.1 , O174.5
科图分类:
主题词: 实分析--高等学校--教材 , 复分析--高等学校--教材
电子资源:
ISBN: 7-111-17103-9
000 01154oam2 2200337 450
001 07079000435
005 20070721105937.93
010    @a7-111-17103-9@dCNY42.00
100    @a20060606d2006 ekmy0chiy0110 ea
101 1  @achi@ceng
102    @aCN@b110000
105    @ay z 000yy
200 1  @a实分析与复分析@Ashi fen xi yu fu fen xi@dReal and complex analysis@f(美) 鲁丁(Rudin, Walter)著@g戴牧民[等]译@zeng
210    @a北京@c机械工业出版社@d2006
215    @a335页@d24cm
225 2  @a华章数学译丛
304    @a作者还有张更容,郑顶伟,李世余
330    @a本书主要介绍了抽象积分、正博雷尔测度、希尔伯特空间的初等理论、复测度、微分、积空间上的积分等内容。
461  0 @12001 @a华章数学译丛
510 1  @aReal and complex analysis@zeng
606 0  @a实分析@x高等学校@j教材
606 0  @a复分析@x高等学校@j教材
690    @aO174.1@v4
690    @aO174.5@v4
701  1 @a鲁丁@Alu ding@c(Walter, Rudin)著
702  0 @a张更容@Azhang geng rong@4译
702  0 @a郑顶伟@Azheng ding wei@4译
702  0 @a戴牧民@Adai mu min@4译
702  0 @a李世余@Ali shi yu@4译
801  0 @aCN@bTAOJIN@c20070721
905    @a10447@dO174.1@e192
    
    实分析与复分析=Real and complex analysis/(美) 鲁丁(Rudin, Walter)著/戴牧民[等]译.-北京:机械工业出版社,2006
    335页;24cm .-(华章数学译丛 )
    
    
    ISBN 7-111-17103-9:CNY42.00
    本书主要介绍了抽象积分、正博雷尔测度、希尔伯特空间的初等理论、复测度、微分、积空间上的积分等内容。
●
相关链接 在E读中查询图书 在五车中查询图书 在当当中查询图书 在豆瓣中查询图书


正题名:实分析与复分析     索取号:O174.1/192         预约/预借

序号 登录号 条形码 馆藏地/架位号 状态 备注
1 0822462   208224624   第二样本阅览室/ [索取号:O174.1/192] 在馆    
2 0822463   208224633   第三借阅区/ [索取号:O174.1/192] 在馆    
3 0822464   208224642   第三借阅区/ [索取号:O174.1/192] 在馆    
4 0822465   208224651   第三借阅区/ [索取号:O174.1/192] 在馆    
5 0822466   208224660   第三借阅区/ [索取号:O174.1/192] 在馆    
欢迎您!
大连网信软件有限公司© 版权所有